000 01323cam a22003617a 4500
003 CHAP
005 20220329142733.0
008 030328d2002 mx r 00110 spa d
010 _a87069
011 _a88041
035 _a98586
040 _cCHAP
090 _aTesis
100 0 0 _aOlivares Cuevas, Paola.
_983042
245 1 0 _aEstructura de costos y eficiencia de tres tecnologías de producción de Hongo seta (Pleurotus spp.)
_c/por Paola Olivares Cuevas
260 _aChapingo, Méx. :
_bEl autor,
_c2002.
300 _a84 h. ;
_bgráfs.
502 _aTesis (Ing. Agr, Esp. en Economía Agrícola) -- UACH. División de Ciencias Económico Administrativas
590 _aALEPH
_b10
_c20130110
_lUCH01
_h1453
590 _aBATCH-UPD
_b10
_c20130110
_lUCH01
_h1811
590 _aBATCH-UPD
_b10
_c20130410
_lUCH01
_h1146
590 _aBATCH-UPD
_b10
_c20130914
_lUCH01
_h1122
590 _aCONVERSION
_b10
_c20130109
_lUCH01
_h1348
650 1 4 _aCultivos
_xAspectos económicos.
_930230
650 1 4 _aCultivos
_xCostos de producción.
_930247
650 1 4 _aHongos comestibles.
_956124
650 1 4 _aPleurotus.
_989173
901 _aBK
905 _aMayto Villalobos S.
942 _cFOLL
949 _aTesis
_bBC
_cTES
_d33724000887212
_eTS2
_fc.2
_h40595
_i98586
_si
949 _aTesis
_bBC
_cTES
_d98586123
_eTS1
_h40594
_i98586
_sb
999 _c87069
_d87069